000 00498nam a2200169Ia 4500
003 OSt
005 20200625121840.0
008 190216s9999||||xx |||||||||||||| ||und||
020 _a9788171308156
040 _coclc
082 _a954.04
_bTHA/I
100 _aTharoor, Shashi
_91771
_d1956-
245 0 _aIndia Ardha Ratri Mutal Ara Noottandu /
_cShashi Tharoor
260 _bDc Books,
_aKottayam:
_c1997.
300 _a408p
942 _cBK
_2ddc
_h954.04
_iTHA/I
_k954.04
_mTHA/I
999 _c27713
_d27713